Southville International School and Colleges
Your cart is empty.
  • Cart
  • Lists
    Public lists Eva Luna New books Lux_list list_1
    Your lists Log in to create your own lists
  • Log in to your account
  • Your cookies
  • Search history
Southville International School and Colleges
  • Advanced search
  • Recent comments
  • Most popular
  • Libraries

Log in to your account

Log in with GOOGLE


If you do not have an external account, but do have a local account, you can still log in:

  1. Home
  2. MARC view: Weapons of war /
Normal view MARC view ISBD view

Weapons of war / (Record no. 344610)

[ view plain ]
MARC details
000 -LEADER
fixed length control field 00605nam a2200253Ia 4500
008 - FIXED-LENGTH DATA ELEMENTS--GENERAL INFORMATION
fixed length control field 171025s9999 xx 000 0 und d
020 ## - INTERNATIONAL STANDARD BOOK NUMBER
International Standard Book Number 1904668747
050 ## - LIBRARY OF CONGRESS CALL NUMBER
Classification number 623.4
050 ## - LIBRARY OF CONGRESS CALL NUMBER
Item number B154 2003
100 ## - MAIN ENTRY--PERSONAL NAME
Personal name Bailey, Gerry
245 ## - TITLE STATEMENT
Title Weapons of war /
245 ## - TITLE STATEMENT
Statement of responsibility, etc by Gerry Bailey.
260 ## - PUBLICATION, DISTRIBUTION, ETC. (IMPRINT)
Place of publication, distribution, etc London :
260 ## - PUBLICATION, DISTRIBUTION, ETC. (IMPRINT)
Name of publisher, distributor, etc Mercury Junior,
260 ## - PUBLICATION, DISTRIBUTION, ETC. (IMPRINT)
Date of publication, distribution, etc 2003
300 ## - PHYSICAL DESCRIPTION
Extent 46 pages :
300 ## - PHYSICAL DESCRIPTION
Other physical details color illustrations ;
300 ## - PHYSICAL DESCRIPTION
Dimensions 28cm.
440 ## - SERIES STATEMENT/ADDED ENTRY--TITLE
Title Crafty inventions.
650 ## - SUBJECT ADDED ENTRY--TOPICAL TERM
Topical term or geographic name as entry element Military weapons --
650 ## - SUBJECT ADDED ENTRY--TOPICAL TERM
Topical term or geographic name as entry element Military weapons.
650 ## - SUBJECT ADDED ENTRY--TOPICAL TERM
General subdivision Popular works.
700 ## - ADDED ENTRY--PERSONAL NAME
Personal name Title.
Holdings
Withdrawn status Lost status Damaged status Home library Current library Date acquired Total Checkouts Full call number Barcode Date last seen Price effective from Koha item type
      Stonyhurst Southville International School (Malarayat) Stonyhurst Southville International School (Malarayat) 10/25/2017   NF 623.4 B154 2003 SSISM3663 10/25/2017 10/25/2017 Books

Weapons of war /

APA

Bailey G., Title, .Weapons of war. London: .

Chicago

Bailey Gerry, Title, .Weapons of war. London: .

Harvard

Bailey G., Title, .Weapons of war. London: .

MLA

Bailey Gerry, Title, .London: . .

  • Place hold
  • Print
  • Cite
  • Add to your cart (remove)
  • Save record
    BIBTEX Dublin Core MARCXML MARC (non-Unicode/MARC-8) MARC (Unicode/UTF-8) MARC (Unicode/UTF-8, Standard) MODS (XML) RIS
  • More searches
    Search for this title in:
    Other Libraries (WorldCat) Other Databases (Google Scholar) Online Stores (Bookfinder.com) Open Library (openlibrary.org)

Exporting to Dublin Core...

SOUTHVILLE LIBRARY

Southville International School and Colleges Library

1281 Tropical Ave. Cor. Luxembourg St., BF Homes International, Las Pinas City

Tel. No. 8256374 / 252358 Loc. 117/146

Powered by Koha